000 00859nam a2200217 a 4500
003 0
005 20250530091339.0
008 021121s19uu xx 00 eng d
050 _aPGS PN 1992.8.C46
_b.G643 2000
100 _aGonzales, Jhoanna Katrina.
245 _aA survey on the television shows watched by grade students of Southville International School /
_cJhoanna Katrina Gonzales.
260 _aLas PiƱas City, Philippines :
_bSouthville International School and Colleges,
_c2000.
300 _a28 pages :
_bcolored illustrations ;
_c28 cm.
504 _aIncludes bibliographical references.
650 _aTelevision and children.
650 _aChildren
_zPhilippines
_vAttitudes.
650 _aTelevision programs
_zPhilippines.
650 _aTelevision viewers
_vSurveys.
650 _aMedia consumption
_vChildren.
942 _2lcc
_cPASS
999 _c96349
_d96349